Rural services, the settlement system, and development of the regional economy in Ghana. (Record no. 581)
[ view plain ]
| 000 -LEADER | |
|---|---|
| fixed length control field | 00572nam a2200169Ia 4500 |
| 008 - FIXED-LENGTH DATA ELEMENTS--GENERAL INFORMATION | |
| fixed length control field | 240428s9999||||xx |||||||||||||| ||und|| |
| 020 ## - INTERNATIONAL STANDARD BOOK NUMBER | |
| International Standard Book Number | 9988584105 |
| 041 ## - LANGUAGE CODE | |
| Language code of text/sound track or separate title | eng |
| 082 ## - DEWEY DECIMAL CLASSIFICATION NUMBER | |
| Classification number | 338.9-IS |
| 100 ## - MAIN ENTRY--PERSONAL NAME | |
| Personal name | Institute of Economic Affairs (Ghana) |
| 245 #0 - TITLE STATEMENT | |
| Title | Rural services, the settlement system, and development of the regional economy in Ghana. |
| 260 ## - PUBLICATION, DISTRIBUTION, ETC. | |
| Name of publisher, distributor, etc. | Institute of Economic Affairs |
| Place of publication, distribution, etc. | Accra |
| Date of publication, distribution, etc. | 2004 |
| 300 ## - PHYSICAL DESCRIPTION | |
| Extent | 117p, tabs |
| 650 ## - SUBJECT ADDED ENTRY--TOPICAL TERM | |
| Topical term or geographic name entry element | Infrastructure (Economics) -- Ghana. - Ghana -- Rural conditions. - Rural development -- Ghana. |
| 942 ## - ADDED ENTRY ELEMENTS (KOHA) | |
| Koha item type | Books |
| Withdrawn status | Lost status | Damaged status | Not for loan | Home library | Current library | Shelving location | Date acquired | Total checkouts | Full call number | Date last seen | Copy number | Price effective from | Koha item type |
|---|---|---|---|---|---|---|---|---|---|---|---|---|---|
| Main Library | Main Library | Open Shelves | 09/02/2022 | 338.9-IS 1426 C1 | 29/04/2024 | 1 | 29/04/2024 | Books |